Bradley's Neurology in Clinical Practice / (Record no. 6812)

MARC details
000 -LEADER
fixed length control field 01402cam a2200397 i 4500
001 - CONTROL NUMBER
control field .b59237338
003 - CONTROL NUMBER IDENTIFIER
control field OCoLC
005 - DATE AND TIME OF LATEST TRANSACTION
control field 20180418125534.0
008 - FIXED-LENGTH DATA ELEMENTS--GENERAL INFORMATION
fixed length control field 150615t20162016enka 001 0 eng d
020 ## - INTERNATIONAL STANDARD BOOK NUMBER
International Standard Book Number 9780323287838
020 ## - INTERNATIONAL STANDARD BOOK NUMBER
International Standard Book Number 0323287832
035 ## - SYSTEM CONTROL NUMBER
System control number (OCoLC)911073050
040 ## - CATALOGING SOURCE
Original cataloging agency BTCTA
Language of cataloging eng
Description conventions rda
Transcribing agency BTCTA
Modifying agency YDXCP
-- LGG
-- OCLCF
-- NLGGC
042 ## - AUTHENTICATION CODE
Authentication code nbic
050 #4 - LIBRARY OF CONGRESS CALL NUMBER
Classification number RC346
Item number N4535
060 #4 - NATIONAL LIBRARY OF MEDICINE CALL NUMBER
Classification number WL 140
245 00 - TITLE STATEMENT
Title Bradley's Neurology in Clinical Practice /
Statement of responsibility, etc. Robert B. Daroff, Joseph Jankovic, John C. Mazziotta, Scott L. Pomeroy.
246 3# - VARYING FORM OF TITLE
Title proper/short title Neurology in clinical practice.
250 ## - EDITION STATEMENT
Edition statement Seventh edition.
260 ## - PUBLICATION, DISTRIBUTION, ETC.
Date of publication, distribution, etc. [2016]
264 #1 - PRODUCTION, PUBLICATION, DISTRIBUTION, MANUFACTURE, AND COPYRIGHT NOTICE
Place of production, publication, distribution, manufacture London ;
-- New York :
Name of producer, publisher, distributor, manufacturer Elsevier Science Health Science,
Date of production, publication, distribution, manufacture, or copyright notice [2016]
264 #4 - PRODUCTION, PUBLICATION, DISTRIBUTION, MANUFACTURE, AND COPYRIGHT NOTICE
Date of production, publication, distribution, manufacture, or copyright notice ©2016.
300 ## - PHYSICAL DESCRIPTION
Extent 2 volumes :
Other physical details illustrations (chiefly colour) ;
Dimensions cm.
336 ## - CONTENT TYPE
Content type term text
Source rdacontent.
337 ## - MEDIA TYPE
Media type term unmediated
Source rdamedia.
338 ## - CARRIER TYPE
Carrier type term volume
Source rdacarrier.
504 ## - BIBLIOGRAPHY, ETC. NOTE
Bibliography, etc. note Includes bibliographical references and index.
650 #0 - SUBJECT ADDED ENTRY--TOPICAL TERM
Topical term or geographic name entry element Nervous system
General subdivision Diseases.
650 #7 - SUBJECT ADDED ENTRY--TOPICAL TERM
Topical term or geographic name entry element Nervous system
General subdivision Diseases.
Source of heading or term fast
Authority record control number or standard number (OCoLC)fst01036098.
650 #2 - SUBJECT ADDED ENTRY--TOPICAL TERM
Topical term or geographic name entry element Nervous System Diseases.
650 #2 - SUBJECT ADDED ENTRY--TOPICAL TERM
Topical term or geographic name entry element Diagnostic Techniques, Neurological.
700 1# - ADDED ENTRY--PERSONAL NAME
Personal name Daroff, Robert B.,
Relator term editor.
700 1# - ADDED ENTRY--PERSONAL NAME
Personal name Jankovic, Joseph,
Relator term editor.
700 1# - ADDED ENTRY--PERSONAL NAME
Personal name Mazziotta, John C.,
Relator term editor.
700 1# - ADDED ENTRY--PERSONAL NAME
Personal name Pomeroy, Scott Loren,
Relator term editor.
700 1# - ADDED ENTRY--PERSONAL NAME
Personal name Bradley, W. G.
Fuller form of name (Walter George),
Relator term author.
942 ## - ADDED ENTRY ELEMENTS (KOHA)
Source of classification or shelving scheme 美國國家醫學圖書館圖書分類法
Koha item type 一般圖書
Holdings
撤銷狀態 遺失狀態 分類號來源 損壞狀態 不外借 永久館藏地 現在館藏地 採購日期 全部借出 完整索書號 條碼號 最後一次日期記錄 複本號 一般價格有效日期 Koha館藏類型 全部續借 Date last checked out
未註銷館藏 未遺失 美國國家醫學圖書館圖書分類法 未損毀 可外借 怡仁綜合醫院圖書館 怡仁綜合醫院圖書館 2018-04-18   WL 140 E01235 2018-04-18 V1 2018-04-18 一般圖書    
未註銷館藏 未遺失 美國國家醫學圖書館圖書分類法 未損毀 可外借 怡仁綜合醫院圖書館 怡仁綜合醫院圖書館 2018-04-18 1 WL 140 E01236 2022-03-21 V2 2018-04-18 一般圖書 1 2022-03-04
怡仁醫院| 地址:32643桃園市楊梅區楊新北路321巷30號 | 服務專線:03-4855566 | 電子郵件信箱:
Copyright © 1996 CHC Hospital